| 000 | 01328nam a22002897a 4500 | ||
|---|---|---|---|
| 003 | OSt | ||
| 005 | 20240904084001.0 | ||
| 007 | cr ||||||a|c|a | ||
| 008 | 230223s2020 mx a|||fom||| 001 0 spa d | ||
| 040 | _erda | ||
| 100 | 1 |
_948469 _aGodínez Paoli, Rafael |
|
| 245 | 1 |
_aFungicidas, biocontroladores e inductores de resistencia en híbridos comerciales de pimiento morrón (Capsicum annuum L.) inoculados con Phytophthora capsici Leo. / _cpor Rafael Godínez Paoli; director de tesis María Teresa Martínez Damián. |
|
| 264 | 1 |
_aChapingo, México : _bEl autor, _c2020. |
|
| 300 |
_a1 recurso en línea (49 páginas). _bcuadros, figuras. |
||
| 336 |
_2rdacontent _atexto _btxt |
||
| 337 |
_2rdamedia _acomputadora _bc |
||
| 338 |
_2rdacarrier _arecurso en línea _bcr |
||
| 502 |
_bDCH _cFitotecnia _d2020. _gDOC |
||
| 504 | _aIncluye referencias bibliográficas: páginas 33-39. | ||
| 650 | 2 |
_9133269 _aChile pimiento _xEnfermedades por hongos |
|
| 650 | 2 |
_922479 _aChile pimiento _xGenética |
|
| 650 | 2 |
_922482 _aChile pimiento _xMejoramiento |
|
| 650 | 2 |
_9129457 _aHongos fitopatógenos _xControl |
|
| 700 | 1 |
_aMartínez Damián, María Teresa _eDirector de tesis. _971962 |
|
| 856 |
_uhttp://10.13.5.2/tesis/td/2020_FI_Godinez_Paoli_Rafael.pdf _zDESCARGAR PDF |
||
| 942 |
_2Clasificación Universidad Autónoma Chapingo _cTD |
||
| 999 |
_c218432 _d218432 |
||